| 000 | 00397cam a22001337a 4500 | ||
|---|---|---|---|
| 008 | 180718b2005 xxu||||| |||| 00| 0 eng d | ||
| 082 | _aA81x54 01/08A | ||
| 100 | _aCensus of India 2001 | ||
| 245 | _aDelhi: administrative atlas | ||
| 260 |
_aDelhi _bThe Controller of Publications _c2005 |
||
| 300 | _a50+p. | ||
| 440 | _aCensus of India 2001. Series-8, Delhi | ||
| 650 | _aDelhi - Atlases - Census | ||
| 999 |
_c491902 _d491902 |
||